| 000 | 00307nam a2200109Ia 4500 | ||
|---|---|---|---|
| 008 | 230907s9999||||xx |||||||||||||| ||und|| | ||
| 082 |
_a612 _bVAN |
||
| 100 |
_aVanPutte, Cinnamon L. _9116123 |
||
| 245 | 0 | _aSeeley's essentials of anatomy & physiology / | |
| 300 | _a1 volume (various pagings) : | ||
| 942 | _cBK | ||
| 999 |
_c601122 _d601122 |
||